000 01407nam a22002417a 4500
001 EIF-VIII-2013-M8-001
003 OSt
005 20221222110556.0
008 221222b |||||||| |||| 00| 0 eng d
040 _aFundación Jesús Pereda
_cFundación Jesús Pereda
041 _aCatalán
100 _uUniversitat Rovira i Virgili, ISOCAC
_aArnabat Mata, Ramon
_9772
111 _aEncuentro de Investigadores del Franquismo
_c(Barcelona.
_d2013.
_n8º)
_9100
245 _aLa primera repressió franquista a Catalunya
_f1938-1948
_c/Ramon Arnabat Mata
520 _aL’objectiu d’aquesta comunicació es realitzar un balanç historiogràfic dels estudis de la primera repressió franquista a Catalunya (1938-1948), tot comparant els nostres estudis sobre les comarques penedesenques en el marc del projecte Tots els Noms, amb la resta d’estudis locals i comarcals i amb els estudis generals sectorials. I, alhora, oferir una visió de conjunt que permeti copsar quantitativament i qualitativa la importància de la repressió franquista a la societat catalana.
650 0 _9145
_aRepresión
650 0 _9123
_aPrimer franquismo
650 0 _9773
_aJusticia militar
651 0 _9129
_aCataluña
773 _tActas del VIII Encuentro de Investigadores del Franquismo
856 _uhttps://bibliotecaccoocyl.fundacionjesuspereda.es/cgi-bin/koha/opac-retrieve-file.pl?id=b997984517fe7fc744a73901c2aea8b7
942 _2ddc
_cCF
_n0
999 _c467
_d467